• 首页
  • 本馆介绍
  • 公告通知
  • 最新文献
  • 馆藏检索
  • 电子资源
  • 读者导购
  • 参考咨询
  • 我的图书馆
  • 登录
  • 详细信息显示
  • 放入我的书架
  • 预约/预借图书
  • 作者相关作品
  • 分类相关作品
  • 丛书相关作品
  • 出版社相关作品

书目信息

  • 表格格式
  • 工作单格式
  • 卡片格式
题名:
现代教育测量
    
 
作者: 宋兆鸿 著
分册:  
出版信息: 北京   教育科学出版社  1986
页数: 218页
开本: 20cm
丛书名:
单 册:
中图分类: G424.7
科图分类:
主题词: 教育测验--现代 , 教学理论
电子资源:
ISBN:
000 00676nam0 2200265 45
001 0186019267
005 20040425085104.9
010    @dCNY1.40
091    @a7232.253
100    @a19900726d1986 emky0chiy0121 ea
101 0  @achi
102    @aCN@b110000
105    @ay z 000yy
106    @ar
200 10 @a现代教育测量@Axian dai jiao yu ce liang@f宋兆鸿著
210    @a北京@c教育科学出版社@d1986
215    @a218页@d20cm
606    @a教育测验@z现代
606 0  @a教学理论
610 0  @a教育测量
690    @aG424.7
701  0 @a宋兆鸿@Asong zhao hong@4著
801  0 @aCN@b深圳图书馆@c20040425
801  2 @aCN@bNLC@c20040425
905    @f2@b209570-571@dG424.7@e38
    
    现代教育测量/宋兆鸿著.-北京:教育科学出版社,1986
    218页;20cm
    
    
    ISBN :CNY1.40
    
●
相关链接 在E读中查询图书 在五车中查询图书 在当当中查询图书 在豆瓣中查询图书


正题名:现代教育测量     索取号:G424.7/38         预约/预借

序号 登录号 条形码 馆藏地/架位号 状态 备注
1 0209570   000984643   密集书库/ [索取号:G424.7/38] 在馆    
2 0209571   000984689   密集书库/ [索取号:G424.7/38] 在馆    
3 0209572   002057990   第一样本阅览室/ [索取号:G424.7/38] 在馆    
唐山师范学院图书馆 欢迎您!
大连网信软件有限公司© 版权所有